000 00321nam a22001457a 4500
008 210311b ||||| |||| 00| 0 eng d
020 _a9780915793297
041 _aeng
080 _a316
082 _a316
100 _a50
101 _aSOC
245 _aThe Kid's Guide to Social Action
_cLewis,A.B
942 _2udc
_cBK
999 _c56443
_d56443